Exhortación apostólica Evangelii nuntiandi de S.S. Paulo VI acerca de la evangelización del mundo contemporáneo /

A diez años de concluido el Concilio Vaticano II, esta exhortación apostólica del Papa Paulo VI toca el punto medular de la Iglesia, su razón de ser: la evangelización. Este documento surge de las innumerables aportaciones recibidas en el Sínodo de los obispos celebrado en 1974 en torno a la evangel...

Full beskrivning

Sparad:
Bibliografiska uppgifter
Institutionellt upphov: Iglesia Católica. Papa (1963-1978 : Paulo VI)
Materialtyp: Bok
Språk:spanska
Utgiven: México : Ediciones Paulinas, 1977, c1976
Upplaga:6a edición
Serie:(Actas y Documentos Pontificios)
Ämnen:
Taggar: Lägg till en tagg
Inga taggar, Lägg till första taggen!

MARC

LEADER 00000nam^a2200000^a^4500
001 000391405
005 20250521000000.0
009 20260310121213.171
037 |a Acervo Xavier Clavigero 
041 |a ESP 
082 |a 262. 91  |b PAU EXH EVA 1975 
110 |a Iglesia Católica.  |b Papa (1963-1978 : Paulo VI) 
240 1 1 |a [Evangelii nuntiandi] 
240 1 1 |a [Exhortaciones apostólicas] 
245 1 0 |a Exhortación apostólica Evangelii nuntiandi de S.S. Paulo VI acerca de la evangelización del mundo contemporáneo /  |c Paulo VI. 
246 2 |a Título en la cubierta: Exhortación apostólica Evangelii nuntiandi de Paulo VI: para anunciar el Evangelio 
250 |a 6a edición 
264 4 |a México :  |b Ediciones Paulinas,  |c 1977, c1976 
300 |a 140 p. 
336 |a texto  |b txt  |2 rdacontenido 
337 |a sin mediación  |b n  |2 rdamedio 
338 |a volumen  |b nc  |2 rdasoporte 
440 1 |a (Actas y Documentos Pontificios) 
520 |a A diez años de concluido el Concilio Vaticano II, esta exhortación apostólica del Papa Paulo VI toca el punto medular de la Iglesia, su razón de ser: la evangelización. Este documento surge de las innumerables aportaciones recibidas en el Sínodo de los obispos celebrado en 1974 en torno a la evangelización del mundo contemporáneo. 
649 |a XX 
650 |a Obispos 
650 |a Iglesia Católica -  |x Documentos Doctrinales 
650 |a Iglesia Católica -  |x Historia -  |y Papa, 1963-1978 (Paulo VI) 
650 |a Iglesia Católica -  |x Historia -  |y Siglo XX 
650 |a Evangelización -  |x Tema Principal 
650 |a Documentos Pontificios 
650 |a Teología Pastoral 
650 |a Catolicismo 
650 |a Cristianismo 
650 |a Religión 
910 |a Fondo General 
920 |a Impresos - Libros 
930 |a Colección General 
905 |a 101 
901 |a 041338  |b IT1  |c ACC  |u 20250521 
902 |a https://opac.biblio.iteso.mx/vufind/Record/000391405